Mobilné zariadenia ako nástroj zatraktívnenia turistiky bakalárska práca

Na minha lista:
Detalhes bibliográficos
Autor principal: Haviar, Martin
Autor Corporativo: Obchodná fakulta EU. Katedra informatiky obchodných firiem
Outros Autores: Pólya, Attila
Formato: Livro
Idioma:eslovaco
Publicado em: Bratislava 2018
Tags: Adicionar Tag
Sem tags, seja o primeiro a adicionar uma tag!

MARC

LEADER 00000nbm a2200000 4500
001 0245135
005 20180810091059.7
041 0 |a slo 
044 |a SK 
245 1 0 |a Mobilné zariadenia ako nástroj zatraktívnenia turistiky  |b bakalárska práca  |c Martin Haviar ; školiteľ: Attila Pólya 
264 1 |a Bratislava  |c 2018 
300 |a 66 s. 
100 1 |a Haviar, Martin 
700 1 |a Pólya, Attila 
710 2 |a Obchodná fakulta EU. Katedra informatiky obchodných firiem